Learning Resource and Development

The rational clinical examination (Record no. 4481)

MARC details
000 -LEADER
fixed length control field 00862nam a22002657a 4500
005 - DATE AND TIME OF LATEST TRANSACTION
control field 20230512222054.0
008 - FIXED-LENGTH DATA ELEMENTS--GENERAL INFORMATION
fixed length control field 180516t xxu||||| |||| 00| 0 eng d
020 ## - INTERNATIONAL STANDARD BOOK NUMBER
International Standard Book Number 9780071590303
040 ## - CATALOGING SOURCE
Transcribing agency CSPC
082 0# - DEWEY DECIMAL CLASSIFICATION NUMBER
Classification number 616.075
Item number R189
245 00 - TITLE STATEMENT
Title The rational clinical examination
Remainder of title evidence-based clinical diagnosis
260 ## - PUBLICATION, DISTRIBUTION, ETC.
Place of publication, distribution, etc. New York :
Name of publisher, distributor, etc. McGraw-Hill ;
Date of publication, distribution, etc. 2009.
300 ## - PHYSICAL DESCRIPTION
Extent xix, 744 pages :
Other physical details figures, tables ;
Dimensions 26 cm.
500 ## - GENERAL NOTE
General note Includes Bibliographical references and Index.
650 10 - SUBJECT ADDED ENTRY--TOPICAL TERM
Topical term or geographic name entry element Medical history taking.
650 10 - SUBJECT ADDED ENTRY--TOPICAL TERM
Topical term or geographic name entry element Diagnosis.
650 10 - SUBJECT ADDED ENTRY--TOPICAL TERM
Topical term or geographic name entry element Evidence-based medicine.
700 1# - ADDED ENTRY--PERSONAL NAME
Personal name Rennie, Drummond,
Relator term editor.
700 1# - ADDED ENTRY--PERSONAL NAME
Personal name Simel, David L.,
Relator term editor.
700 1# - ADDED ENTRY--PERSONAL NAME
Personal name Keitz, Sheri A.,
Relator term editor.
940 ## - EQUIVALENCE OR CROSS-REFERENCE--UNIFORM TITLE [OBSOLETE] [CAN/MARC only]
Uniform title <a href="yves">yves</a>
942 ## - ADDED ENTRY ELEMENTS (KOHA)
Koha item type
-- NUR 616.075 R189 2009
Holdings
Withdrawn status Lost status Damaged status Not for loan Home library Current library Shelving location Date acquired Total Checkouts Full call number Barcode Date last seen Copy number Price effective from Koha item type
        Main Library Main Library Nursing Section 05/12/2023   NUR 616.075 R189 2009 015736 05/12/2023 1-1 05/12/2023 Books